| 000 | 00491pab a2200169 454500 | ||
|---|---|---|---|
| 008 | 180718b2004 xxu||||| |||| 00| 0 eng d | ||
| 100 | _aGhosh, Jayati | ||
| 245 | _aInformalisation and women's workforce participation: a consideration of recent trends in Asia | ||
| 260 | _c2004 | ||
| 300 | _ap.4-44. | ||
| 362 | _aDec | ||
| 650 | _aWomen workers - Asia | ||
| 650 | _aWomens participation - Asia | ||
| 650 | _aWomens participation | ||
| 773 | _aLabour and Development | ||
| 909 | _a64513 | ||
| 999 |
_c64513 _d64513 |
||